[Event "Subzonal 2.3 2012"]
[Site "Pamplona COL"]
[Date "2012.11.08"]
[Round "7.25"]
[White "Lora,J"]
[Black "Arismendi Polanco,Efrain Steven"]
[Result "1-0"]
[WhiteElo "2169"]
[BlackElo "1760"]

1.d4 Nf6 2.Bg5 g6 3.Bxf6 exf6 4.e3 d5 5.h4 h5 6.Bd3 f5 7.Nf3 Bg7 8.Nbd2 O-O
9.Ng5 Nd7 10.c3 Nf6 11.Qe2 Ne4 12.Ngf3 c6 13.O-O Re8 14.Rfe1 Bh6 15.Nf1 Bd7
16.g3 Qc7 17.Kg2 Qd6 18.Ne5 Bg7 19.f3 Nf6 20.Bc2 Nh7 21.Nd3 b6 22.b4 a5 23.a3 Ra7
24.Reb1 Qc7 25.Bd1 Rea8 26.Qb2 axb4 27.axb4 Nf8 28.Bb3 Ne6 29.b5 Ra5 30.bxc6 Bxc6
31.Nb4 Qb7 32.Nd2 Bf8 33.Nxc6 Qxc6 34.c4 dxc4 35.Nxc4 Rxa1 36.Rxa1 Rxa1 37.Qxa1 b5
38.Ne5 Qc8 39.Qa7 Qe8 40.Qb6 Kg7 41.Kf2 Qd8 42.Qb7 Qe8 43.Nc6 Bd6 44.f4 Kg8
45.Qxb5 Qa8 46.Ba4 Nc7 47.Qc4 Qb7 48.Qxf7+ Kxf7 49.Nd8+ Ke7 50.Nxb7 Nd5 51.Bc6 Nc7
52.e4 fxe4 53.Nxd6 Kxd6 54.Bxe4  1-0

[Event "72nd ch-ITA 2012"]
[Site "Torino ITA"]
[Date "2012.11.09"]
[Round "10"]
[White "Genocchio,D"]
[Black "De Filomeno,S"]
[Result "1-0"]
[WhiteElo "2443"]
[BlackElo "2356"]

1.d4 d5 2.Bg5 Nf6 3.Bxf6 exf6 4.e3 c6 5.Nf3 Qb6 6.Qc1 Be7 7.Bd3 O-O 8.O-O f5
9.c4 dxc4 10.Bxc4 Nd7 11.Nc3 Nf6 12.Qc2 Bd6 13.Rfd1 Qc7 14.a3 Qe7 15.b4 a5
16.b5 Bxa3 17.bxc6 bxc6 18.Ne5 Bb7 19.Bxf7+ Kh8 20.Qxf5 g6 21.Bxg6 Bb2 22.Na4 Bxa1
23.Rxa1 Bc8 24.Qg5 Qg7 25.Qh4 Bd7 26.Nc5 Rfb8 27.Bf7 h6 28.Ncxd7 Nxd7 29.Nxd7 Rb2
30.Ne5 a4 31.h3 a3 32.Rxa3 Rxa3 33.Qd8+ Kh7 34.Bg6+ Qxg6 35.Nxg6 Ra1+ 36.Kh2 Kxg6
37.d5  1-0

[Event "WY BU16 2012"]
[Site "Maribor SLO"]
[Date "2012.11.11"]
[Round "4.11"]
[White "Le Tuan Minh"]
[Black "Giroyan,G"]
[Result "1/2-1/2"]
[WhiteElo "2204"]
[BlackElo "2382"]

1.d4 Nf6 2.Bg5 c5 3.Bxf6 gxf6 4.d5 Qb6 5.Qc1 Bg7 6.c4 f5 7.Nc3 d6 8.e3 Nd7
9.Nh3 Nf6 10.Rb1 Ne4 11.Nxe4 fxe4 12.Qd2 Qa6 13.b3 Qa3 14.Ng5 Bf5 15.g4 Bxg4
16.Rg1 Bf5 17.Bg2 h6 18.Bxe4 hxg5 19.Bxf5 Bf6 20.h3 a5 21.Ke2 Kd8 22.Rgc1 Kc7
23.Bg4 Ra6 24.Rc2 Rb6 25.Qd3 a4 26.Kf3 axb3 27.axb3 Ra8 28.Kg2  1/2-1/2

[Event "WY BU14 2012"]
[Site "Maribor SLO"]
[Date "2012.11.11"]
[Round "4.20"]
[White "Filipets,Egor"]
[Black "Kozionov,Kirill"]
[Result "0-1"]
[WhiteElo "2021"]
[BlackElo "2263"]

1.d4 Nf6 2.Bg5 d5 3.Bxf6 exf6 4.g3 Bd6 5.Bg2 c6 6.e3 O-O 7.Ne2 Be6 8.O-O Nd7
9.Nd2 f5 10.Rc1 Nf6 11.c4 Qe7 12.c5 Bc7 13.b4 g6 14.Rb1 Ne4 15.b5 h5 16.Nxe4 fxe4
17.bxc6 bxc6 18.Qa4 Bd7 19.Rb7 Qd8 20.Rfb1 a5 21.Nc3 h4 22.Qd1 Bc8 23.R7b2 Kg7
24.Na4 Ra7 25.Nb6 Be6 26.Qa4 Qe8 27.Qc2 Rh8 28.Na4 Bc8 29.Nb6 Bg4 30.Na4 Qc8
31.Rb3 Qf5 32.Rb7 hxg3 33.fxg3 Rxb7 34.Rxb7 Qc8 35.Rb2 Qf5 36.Qf2 Qh5 37.Bf1 Bf3
38.Rb7 Bd8 39.Nc3 Qg5 40.Nd1 Bf6 41.Nb2 Bxd4 42.h4 Bf6 43.Bh3 Qe5 44.Qe1 g5
45.Bg2 gxh4 46.Qxa5 Qxg3 47.Rxf7+ Kxf7 48.Qc7+ Kg6  0-1

[Event "WY BU16 2012"]
[Site "Maribor SLO"]
[Date "2012.11.12"]
[Round "6.15"]
[White "Batchelor,Peter J"]
[Black "Giroyan,G"]
[Result "0-1"]
[WhiteElo "2138"]
[BlackElo "2382"]

1.d4 Nf6 2.Bg5 c5 3.Bxf6 gxf6 4.d5 Qb6 5.Qc1 Bg7 6.e3 f5 7.c3 Na6 8.Nd2 Nc7
9.Nc4 Qf6 10.Qd2 b5 11.Na5 Qb6 12.Nb3 Bb7 13.Qc2 Bxd5 14.Qxf5 e6 15.Qh5 b4
16.c4 Be4 17.O-O-O Qa6 18.Rxd7 Bg6 19.Qh4 O-O 20.Nxc5 Qxa2 21.Bd3 Qxb2+ 22.Kd1 b3
23.Bxg6 hxg6 24.Rd2 Rad8 25.Nf3 Rxd2+ 26.Nxd2 Qa1+ 27.Ke2 Qxh1 28.Nde4 b2
29.Ng5 Rd8  0-1

[Event "VIII Governor's Cup B"]
[Site "Khanty-Mansiysk RUS"]
[Date "2012.11.17"]
[Round "3"]
[White "Sibriaev,A"]
[Black "Postnikov,D"]
[Result "1/2-1/2"]
[WhiteElo "2239"]
[BlackElo "2156"]

1.d4 Nf6 2.Bg5 c5 3.d5 Qb6 4.Bc1 e6 5.Nc3 exd5 6.Nxd5 Nxd5 7.Qxd5 d6 8.e4 Be6
9.Qd3 Nc6 10.Nf3 h6 11.Be2 O-O-O 12.O-O g5 13.c3 g4 14.Nh4 Ne5 15.Qb5 Qc7
16.Qa4 Kb8 17.Bf4 h5 18.Bxe5 dxe5 19.Bc4 Bh6 20.Rad1 Bg5 21.Nf5 Bxf5 22.exf5 h4
23.Bd5 g3 24.Qe4 Bf4 25.h3 gxf2+ 26.Rxf2 Rhg8 27.c4 Rg5 28.Rd3 b6 29.a4 a5
30.Rb3 Ka7 31.Rbf3 Rdg8 32.Rd3 Rd8 33.Rdf3 Qd7 34.Rxf4 exf4 35.Qxf4 f6 36.Qxh4 Re8
37.Be6 Qd1+ 38.Kh2 Re7 39.Qh8 Qd6+ 40.Kg1 Qd4 41.g4 Qd1+ 42.Kh2 Qe1 43.Rg2 Qe5+
44.Kh1 Qe1+ 45.Kh2 Qe5+ 46.Kh1 Qe1+  1/2-1/2

[Event "8th Chervonograd IM"]
[Site "Chervonograd UKR"]
[Date "2012.11.18"]
[Round "9.6"]
[White "Malyi,V"]
[Black "Podolsky,A"]
[Result "1/2-1/2"]
[WhiteElo "2350"]
[BlackElo "2270"]

1.d4 Nf6 2.Bg5 d5 3.Bxf6 exf6 4.e3 Bd6 5.Nf3 O-O 6.h3 f5 7.c4 c6 8.cxd5 cxd5
9.Nc3 f4 10.exf4 Bxf4 11.Be2 Be6 12.O-O Nc6 13.Qb3 Qd7 14.Rad1 Rad8 15.Rfe1 Rfe8
16.Bb5 a6 17.Bxc6 Qxc6 18.Qa4 Qxa4 19.Nxa4  1/2-1/2

[Event "Malta Open 2012"]
[Site "Bugibba MLT"]
[Date "2012.11.19"]
[Round "2"]
[White "Walton,A"]
[Black "Matamoros Franco,C"]
[Result "0-1"]
[WhiteElo "2171"]
[BlackElo "2525"]

1.d4 Nf6 2.Bg5 c5 3.d5 Ne4 4.Bf4 Qb6 5.Nd2 Qxb2 6.Nxe4 Qb4+ 7.Qd2 Qxe4 8.e3 g5
9.f3 Qg6 10.Bg3 d6 11.Bd3 f5 12.Ne2 Bg7 13.c3 Nd7 14.O-O O-O 15.Rab1 Qf7
16.Bc2 Nf6 17.c4 e5 18.dxe6 Bxe6 19.Qxd6 Bxc4 20.Bb3 Bxb3 21.Rxb3 b6 22.h4 Rad8
23.Qc6 Rd2 24.Nc1 f4 25.exf4 Nh5 26.Be1 Rc2 27.Bf2 Nxf4 28.Qe4 Rc4 29.Qe3 gxh4
30.Nd3 Re8 31.Qd2 Ne2+ 32.Kh1 Ng3+ 33.Bxg3 hxg3 34.Qg5 Ra4  0-1

[Event "8th Chervonograd IM"]
[Site "Chervonograd UKR"]
[Date "2012.11.19"]
[Round "11.5"]
[White "Malyi,V"]
[Black "Terletsky,O"]
[Result "0-1"]
[WhiteElo "2350"]
[BlackElo "2259"]

1.d4 Nf6 2.Bg5 g6 3.Bxf6 exf6 4.e3 Bg7 5.c4 O-O 6.Nc3 f5 7.g3 d6 8.Bg2 Nd7
9.Nge2 h5 10.O-O h4 11.Qd3 hxg3 12.hxg3 Nf6 13.b4 Re8 14.b5 Ng4 15.Nd5 Bd7
16.Nef4 c6 17.bxc6 bxc6 18.Nb4 Rc8 19.Bf3 Nf6 20.Rab1 g5 21.Ne2 Qa5 22.Rb3 f4
23.exf4 Bf5 24.Qd1 g4 25.Bxc6 Rxc6 26.Nxc6 Qa6 27.Rb5 Be4 28.d5 Bf3 29.Ncd4 Qc8
30.Qd3 Ne4 31.Rfb1 Nc5 32.Rxc5 Qxc5 33.Nxf3 gxf3 34.Qxf3 Qxc4 35.Kf1 Qxa2
36.Rb7 Qa1+ 37.Kg2 Qa6 38.Rd7 Qxe2 39.Rxa7 Bd4 40.Rd7 Bc5 41.g4 Re3 42.Qxe2 Rxe2
43.f5 Rxf2+ 44.Kg3 Kg7 45.Rc7 Rc2 46.Kf3 Kf6 47.g5+ Kxg5 48.Rxf7 Rf2+ 49.Ke4 Rf4+
50.Kd3  0-1

[Event "22nd World Seniors Open"]
[Site "Kamena Vourla GRE"]
[Date "2012.11.19"]
[Round "7.6"]
[White "Acers,J"]
[Black "Jansa,Vl"]
[Result "1/2-1/2"]
[WhiteElo "2214"]
[BlackElo "2451"]

1.d4 Nf6 2.Bg5 d5 3.Nc3 Nbd7 4.Qd3 g6 5.e4 dxe4 6.Nxe4 Bg7 7.Nf3 O-O 8.O-O-O c6
9.c4 Qa5 10.a3 b5 11.Qd2 Qb6 12.Nxf6+ Nxf6 13.c5 Qb7 14.Bd3 Be6 15.Bh6 Bxh6
16.Qxh6 b4 17.a4 b3 18.Ng5 Qb4 19.Rhe1 Qxa4 20.Rxe6 Qa1+ 21.Bb1 fxe6 22.Nxh7 Rf7
23.Ng5 Qa4 24.Bd3 Qa1+ 25.Bb1 Qa4 26.Bd3  1/2-1/2

[Event "VIII Governor's Cup B"]
[Site "Khanty-Mansiysk RUS"]
[Date "2012.11.19"]
[Round "4"]
[White "Shustov,I"]
[Black "Mezhevov,Valentin"]
[Result "1-0"]
[WhiteElo "2127"]
[BlackElo "2016"]

1.d4 Nf6 2.Bg5 d5 3.Bxf6 exf6 4.e3 Bf5 5.h4 h5 6.Nc3 c6 7.Bd3 Bxd3 8.Qxd3 g6
9.O-O-O f5 10.f3 Be7 11.e4 fxe4 12.fxe4 dxe4 13.Qxe4 O-O 14.d5 Qc7 15.g4 hxg4
16.Qxg4 Nd7 17.h5 Nf6 18.Qf3 Nxh5 19.Rxh5 gxh5 20.Nh3 Qe5 21.Ne4 Rfd8 22.Rg1+ Kf8
23.Nhg5 Bxg5+ 24.Rxg5 Qh2 25.Qa3+ Rd6 26.Qxd6+  1-0

[Event "11th Kheireddine Ameyar Mem 2012"]
[Site "Algiers ALG"]
[Date "2012.11.20"]
[Round "8.3"]
[White "Miladinovic,I"]
[Black "Belouadah,S"]
[Result "1-0"]
[WhiteElo "2567"]
[BlackElo "2301"]

1.d4 Nf6 2.Bg5 d5 3.Bxf6 exf6 4.e3 Bd6 5.Bd3 O-O 6.Qf3 c6 7.Ne2 Re8 8.Nd2 Nd7
9.h4 b5 10.g4 Nf8 11.O-O-O Ne6 12.e4 Rb8 13.Kb1 Qb6 14.Nb3 b4 15.g5 Qd8 16.Rdg1 Kh8
17.Qh5 g6 18.Qf3 dxe4 19.Bxe4 Kg7 20.Bxc6 Rf8 21.Qe3 f5 22.d5 Qb6 23.dxe6 Qxc6
24.h5 fxe6 25.hxg6 hxg6 26.Nf4 e5 27.Qh3 Rg8 28.Qh7+ Kf8  1-0

[Event "VIII Governor's Cup B"]
[Site "Khanty-Mansiysk RUS"]
[Date "2012.11.20"]
[Round "6"]
[White "Papayan,O"]
[Black "Averchenko,Ekaterina"]
[Result "1/2-1/2"]
[WhiteElo "2238"]
[BlackElo "2184"]

1.d4 Nf6 2.Bg5 d5 3.Nd2 Bf5 4.e3 Nbd7 5.c4 e6 6.Qb3 Rb8 7.Ngf3 a6 8.Be2 h6
9.Bh4 Be7 10.O-O O-O 11.Rac1 dxc4 12.Qxc4 Rc8 13.Qb3 b5 14.a4 c6 15.Rfd1 Ne4
16.Bxe7 Qxe7 17.Nxe4 Bxe4 18.Nd2 Bd5 19.Qd3 f5 20.f3 e5 21.e4 fxe4 22.fxe4 Be6
23.d5 cxd5 24.exd5 Nc5 25.Qe3 Bxd5 26.axb5 axb5 27.Bxb5 Ba8 28.Be2 Rfe8 29.Rc3 Nd7
30.Nc4 Nf6 31.Nd6 Rxc3 32.bxc3 Nd5 33.Rxd5 Bxd5 34.Nxe8 Qxe8 35.c4 Bb7 36.c5 Qc6
37.Bf3 e4 38.Be2 Kh7 39.h3 Qf6 40.Kh2 Qe5+  1/2-1/2

[Event "17th Bora Kostic Mem"]
[Site "Vrsac SRB"]
[Date "2012.11.21"]
[Round "2.3"]
[White "Bogosavljevic,B"]
[Black "Cvitan,O"]
[Result "0-1"]
[WhiteElo "2524"]
[BlackElo "2535"]

1.d4 Nf6 2.Bg5 d5 3.e3 e6 4.Nd2 Nbd7 5.c3 Be7 6.Bd3 e5 7.Ne2 O-O 8.Ng3 h6
9.h4 e4 10.Bc2 hxg5 11.hxg5 g6 12.gxf6 Nxf6 13.Qe2 Bd6 14.Ngf1 Kg7 15.f3 Qe7
16.O-O-O Bd7 17.Qf2 Rh8 18.Ng3 exf3 19.gxf3 Rxh1 20.Rxh1 Rh8 21.Rxh8 Kxh8
22.e4 Bf4 23.Ne2 Bh6 24.Qh2 Nh5 25.exd5 Bb5 26.Kd1 Bxe2+ 27.Qxe2 Qh4 28.Bb3 Bxd2
29.d6 Bf4 30.Qe8+ Kg7 31.Qxf7+ Kh6 32.Qf8+ Kg5 33.Qe7+ Nf6 34.dxc7 Qh1+ 35.Ke2 Qg2+
36.Ke1 Bg3+ 37.Kd1 Qxf3+ 38.Kc2 Qf5+ 39.Kd1 Qd3+  0-1

[Event "XXVI Belgrade Trophy 2012"]
[Site "Belgrade SRB"]
[Date "2012.11.25"]
[Round "2.37"]
[White "Jovanovic,ST"]
[Black "Dejanovic,Ivana"]
[Result "1-0"]
[WhiteElo "2284"]
[BlackElo "1495"]

1.d4 Nf6 2.Bg5 g6 3.Nc3 Bg7 4.e4 d6 5.e5 Ng8 6.Nf3 dxe5 7.dxe5 Qxd1+ 8.Rxd1 c6
9.h3 Nd7 10.Bf4 Nc5 11.Be2 Bd7 12.O-O O-O-O 13.Be3 Na6 14.Bxa6 bxa6 15.Bxa7 Kb7
16.Bc5  1-0

[Event "TCh-CZE Div1 Zapad 2012-13"]
[Site "Czech Republic CZE"]
[Date "2012.11.25"]
[Round "3.8"]
[White "Duczynski,M"]
[Black "Stejskal,P"]
[Result "1/2-1/2"]
[WhiteElo "2150"]
[BlackElo "2032"]

1.d4 Nf6 2.Bg5 d5 3.e3 e6 4.Bd3 c5 5.dxc5 Bxc5 6.c3 Nbd7 7.Nf3 O-O 8.O-O b6
9.Nbd2 Bb7 10.Nb3 Bd6 11.Re1 Nc5 12.Nxc5 Bxc5 13.a4 a5 14.Qe2 Rc8 15.Ne5 Be7
16.Bb5 Qc7 17.Bxf6 Bxf6 18.Nd7 Rfd8 19.Nxf6+ gxf6 20.Qg4+ Kh8 21.Qd4 Kg7
22.Qg4+ Kh8 23.Qh4 Kg7  1/2-1/2

[Event "XXVI Belgrade Trophy 2012"]
[Site "Belgrade SRB"]
[Date "2012.11.27"]
[Round "4.20"]
[White "Irizanin,R"]
[Black "Stosic,S"]
[Result "1-0"]
[WhiteElo "2342"]
[BlackElo "2168"]

1.d4 Nf6 2.Bg5 d5 3.Bxf6 exf6 4.e3 Be6 5.Bd3 c5 6.c3 Qb6 7.Qc1 Nc6 8.Nd2 Rc8
9.Qb1 g5 10.Ne2 Bd6 11.O-O h5 12.Ng3 Qc7 13.dxc5 Bxc5 14.Nf5 Ne5 15.Re1 h4
16.Nd4 g4 17.Bf5 Ke7 18.N2b3 Bb6 19.e4 Rcg8 20.Bxe6 fxe6 21.exd5 exd5 22.Qf5 Qd7
23.Rad1 Qxf5 24.Nxf5+ Ke6 25.Nbd4+ Kd7 26.Ne3 g3 27.Nxd5 gxh2+ 28.Kh1 Ng4
29.Nxb6+ axb6 30.Re2 Re8 31.f3 Ne5 32.Kxh2 Kc7 33.Rde1 Ra8 34.a3 Ra5 35.Re4 Rd5
36.Kh3 Nd3 37.R1e2 Rg5 38.Ne6+ Kd6 39.Nxg5 fxg5 40.Rd4+  1-0

[Event "CCSCSL GM Inv"]
[Site "Saint Louis USA"]
[Date "2012.11.28"]
[Round "6.1"]
[White "Finegold,B"]
[Black "Neimer,V"]
[Result "1/2-1/2"]
[WhiteElo "2499"]
[BlackElo "2411"]

1.d4 Nf6 2.Bg5 d5 3.Bxf6 exf6 4.e3 Bd6 5.c4 dxc4 6.Bxc4 O-O 7.Nf3 c5 8.dxc5 Bxc5
9.Nc3 Nc6 10.h3 Be6 11.Bxe6 Qxd1+ 12.Rxd1 fxe6 13.Ke2 Rfd8 14.Rc1 Bf8 15.Ne4 Rd5
16.Rc4 f5 17.Nc3 Rd7 18.Rc1 Rad8 19.Rd1 Rxd1 20.Nxd1 h6 21.a3 Kf7 22.Nc3  1/2-1/2

[Event "XXVI Belgrade Trophy 2012"]
[Site "Belgrade SRB"]
[Date "2012.11.29"]
[Round "6.28"]
[White "Jovanovic,ST"]
[Black "Karisik,N"]
[Result "1/2-1/2"]
[WhiteElo "2284"]
[BlackElo "2062"]

1.d4 Nf6 2.Bg5 c5 3.Bxf6 gxf6 4.c3 Qb6 5.Qc1 Nc6 6.e3 Bh6 7.Nd2 d5 8.Bd3 e5
9.dxc5 Qxc5 10.Ne2 f5 11.Qd1 Qe7 12.Qc2 f4 13.e4 dxe4 14.Bxe4 O-O 15.g4 Kh8
16.h3 Be6 17.Qa4 Rfd8 18.Nf3 a6 19.Rd1 Rxd1+ 20.Qxd1 f6 21.Qb1 Na7 22.Nh4 Nb5
23.Bf5 Nd6 24.Bxe6 Qxe6 25.b3 Bg5 26.Nf5 Nxf5 27.Qxf5 Qxf5 28.gxf5 Rd8 29.h4 Bh6
30.f3 Rd3 31.Kf2 Rd2 32.a4 a5 33.Rb1 Bf8 34.Ke1 Rd3 35.Rd1 Rxf3 36.Rd7 Re3
37.Kd2 b6 38.Rd3 Bc5 39.Rxe3 Bxe3+ 40.Kd3 Kg7 41.Ng3 Bf2 42.Ne4 Bxh4 43.Ke2 h5
44.b4 Kf8 45.c4 Ke7 46.b5 Kd8 47.Kf3 Kc7 48.Kg2 Kd8 49.Kf3 Be1 50.Nxf6 h4
51.Kg4 Bb4 52.Ne4 Kd7 53.Kxh4 Be7+ 54.Kg4 Bd8 55.Kh5 Bc7 56.Kg6 f3 57.f6 Bd6
58.Kf5 Bc5 59.Kxe5 f2 60.Nd2 Ke8 61.Ke6 Kf8 62.Nf1  1/2-1/2

[Event "XXVI Belgrade Trophy 2012"]
[Site "Belgrade SRB"]
[Date "2012.12.01"]
[Round "8.39"]
[White "Sarovski,N"]
[Black "Maric,Dr"]
[Result "0-1"]
[WhiteElo "1970"]
[BlackElo "2221"]

1.d4 Nf6 2.Bg5 d5 3.c3 Ne4 4.Bf4 e6 5.Nd2 Bd6 6.Bxd6 cxd6 7.Ngf3 O-O 8.e3 f5
9.Bd3 Nd7 10.c4 Ndf6 11.cxd5 exd5 12.O-O Be6 13.Qb3 Qe7 14.Rac1 g5 15.Nb1 g4
16.Ne1 Kh8 17.f3 gxf3 18.gxf3 Rg8+ 19.Kh1 Qg7 20.Rc2 Rac8 21.Rg2 Qh6 22.Bxe4 fxe4
23.Nd2 b6 24.Rxg8+ Rxg8 25.Nxe4 Qh3 26.Nd2 Nh5 27.Rg1 Ng3+ 28.Rxg3 Rxg3 29.Qa3 Bg4
30.Qxd6 Bxf3+  0-1

[Event "TCh-AUT 2 West 2012-13"]
[Site "Rum AUT"]
[Date "2012.12.01"]
[Round "5.6"]
[White "Kuecher,W"]
[Black "Kondrak,C"]
[Result "0-1"]
[WhiteElo "2060"]
[BlackElo "2192"]

1.d4 d5 2.Bg5 Nf6 3.Bxf6 exf6 4.e3 Bd6 5.c4 dxc4 6.Bxc4 O-O 7.Nc3 a6 8.Qc2 Nc6
9.a3 f5 10.Nf3 Ne7 11.h4 c6 12.h5 Qa5 13.Ke2 c5 14.Bd3 Be6 15.d5 Nxd5 16.Nxd5 Bxd5
17.Bxf5 h6 18.Rad1 Qb5+ 19.Bd3 c4 20.Bh7+ Kh8 21.Nd4 Qc5 22.Be4 Bxe4 23.Qxe4 Rae8
24.Qc2 b5 25.Nf5 Be5 26.g4 c3 27.b4 Qc4+ 28.Kf3 Bf6 29.Nd4 a5 30.bxa5 Ra8
31.Qd3 Qd5+ 32.Ke2 Bxd4 33.Qxd4 Qxd4 34.exd4 Rxa5 35.Ra1 Rfa8 36.Rhb1 Ra4
37.Kd3 b4 38.Rb3 Rxa3 39.Rbxa3 bxa3 40.Kxc3 Ra4 41.d5 Kg8 42.d6 Kf8 43.f3 Ke8
44.Kb3 Ra6 45.Kb4 Kd7 46.Kc5 a2 47.Kb5 Ra8 48.Kc5 g6 49.Kd5 Ra5+ 50.Ke4 Kxd6
51.hxg6 fxg6 52.Kf4 g5+ 53.Ke4 Ke6 54.Kd4 Ra4+ 55.Ke3 Ke5 56.Ke2 Ra3 57.Kf2 Kd4
58.Ke2 Kc3  0-1

[Event "Vietnam National Masters Men 2012"]
[Site "Ho Chi Minh City VIE"]
[Date "2012.12.02"]
[Round "5.1"]
[White "Tran Tuan Minh"]
[Black "Nguyen Hoang Nam1"]
[Result "0-1"]
[WhiteElo "2258"]
[BlackElo "2263"]

1.d4 Nf6 2.Bg5 c5 3.Bxf6 exf6 4.dxc5 Bxc5 5.e3 O-O 6.Bd3 g6 7.c3 Nc6 8.Nd2 Re8
9.Ne2 f5 10.O-O b6 11.Nb3 Bf8 12.Bc4 Bb7 13.Bd5 Qf6 14.Qd2 Rac8 15.Rfd1 Ba6
16.Nbd4 Ne5 17.Nf4 Bd6 18.b3 Bb8 19.c4 Nc6 20.Nf3 g5 21.Nh5 Qh6 22.Ng3 f4
23.Ne4 g4 24.Nfg5 fxe3 25.fxe3 Qxh2+ 26.Kf1 Kg7 27.Qf2 f5 28.Qxf5 Rf8 29.Bf7 Qh1+
30.Kf2 g3+ 31.Nxg3 Qh4 32.Ke2 Ne7 33.Rf1 Rc6 34.Qxd7 Qxg5 35.Nf5+ Nxf5 36.Rxf5 Qxg2+  0-1

[Event "5th Kolkata Open"]
[Site "Kolkata IND"]
[Date "2012.12.03"]
[Round "1"]
[White "Siddharth,R"]
[Black "Ni Hua"]
[Result "1/2-1/2"]
[WhiteElo "2381"]
[BlackElo "2660"]

1.d4 Nf6 2.Bg5 c5 3.d5 g6 4.Nc3 Bg7 5.Nf3 d6 6.e4 O-O 7.Be2 Na6 8.O-O Nc7
9.a4 b6 10.Re1 Bb7 11.Bc4 Nd7 12.Qd2 Re8 13.Rad1 Qc8 14.Bf4 Ba6 15.Bxa6 Qxa6
16.e5 b5 17.axb5 Nxb5 18.Qd3 Nc7 19.Qxa6 Nxa6 20.exd6 exd6 21.Rxe8+ Rxe8
22.Ra1 Nb4 23.Bxd6 Ra8 24.Ra5 Nxc2 25.Bxc5 Rb8 26.Na4 Nxc5 27.Rxc5 Nd4 28.Nxd4 Bxd4
29.Rc4 Bxb2 30.Nxb2 Rxb2 31.g3 Rd2 32.Ra4 Rxd5 33.Rxa7 Kg7  1/2-1/2

[Event "4th London Classic Open"]
[Site "London ENG"]
[Date "2012.12.06"]
[Round "6"]
[White "Eriksson,Jor"]
[Black "Quinn,Joh"]
[Result "1-0"]
[WhiteElo "2213"]
[BlackElo "2127"]

1.d4 Nf6 2.Bg5 d5 3.e3 Nbd7 4.Nf3 g6 5.Be2 Bg7 6.O-O O-O 7.c4 dxc4 8.Bxc4 c5
9.Nc3 Nb6 10.Bb3 cxd4 11.exd4 Nbd5 12.Re1 Be6 13.Qd2 Nxc3 14.bxc3 Bxb3 15.axb3 Qb6
16.Rab1 Rac8 17.c4 e6 18.Bh6 Rfd8 19.Bxg7 Kxg7 20.Qg5 h6 21.Qe3 a6 22.h3 Qd6
23.Rbd1 Rc7 24.Ne5 Re7 25.Rd2 Nd7 26.Red1 Qc7 27.Ng4 Rh8 28.d5 Qc5 29.Qc3+ e5
30.d6 Re6 31.Rd5 Qc8 32.Nxe5 f6 33.Nxd7 Qxd7 34.c5 Rhe8 35.R5d3 Re5 36.Re3 Rxe3
37.fxe3 h5 38.b4 Re5 39.Qd4 Rg5 40.Kh2 Qc6 41.Rd2 Qd7 42.Rf2 Re5 43.Rf4 Re6
44.Re4 Rxe4 45.Qxe4 Kf7 46.Qd5+ Kf8 47.e4 Kg7 48.e5 fxe5 49.Qxe5+ Kf7 50.Kg3 Kg8
51.Qf6  1-0

[Event "3rd Bali Femenino Int"]
[Site "Benidorm ESP"]
[Date "2012.12.08"]
[Round "7.4"]
[White "Fidalgo Fernandez,L"]
[Black "Nicolas Zapata,I"]
[Result "0-1"]
[WhiteElo "2163"]
[BlackElo "2217"]

1.d4 Nf6 2.Bg5 d5 3.Bxf6 exf6 4.e3 Bd6 5.g3 c6 6.Bg2 f5 7.Ne2 Be6 8.Nd2 Nd7
9.O-O Nf6 10.b3 h5 11.h4 Ne4 12.Nf3 g5 13.Nxg5 Nxg5 14.hxg5 Qxg5 15.f4 Qg6
16.Kf2 h4 17.gxh4 Be7 18.Ng3 Bxh4 19.Qf3 Rg8  0-1

[Event "4th Penang Heritage City Open"]
[Site "Penang MAS"]
[Date "2012.12.11"]
[Round "1.25"]
[White "Moskovich,D"]
[Black "Ooi,Yen Hoe"]
[Result "1/2-1/2"]
[WhiteElo "2188"]
[BlackElo "1674"]

1.d4 Nf6 2.Bg5 g6 3.Bxf6 exf6 4.c4 Bg7 5.Nc3 O-O 6.e3 d6 7.g3 Nc6 8.Bg2 Bd7
9.Nge2 a6 10.Rb1 f5 11.b4 Re8 12.a4 Rb8 13.O-O Na7 14.b5 axb5 15.axb5 c5
16.dxc5 dxc5 17.Qb3 Be6 18.Rfd1 Qg5 19.Qa3 Nc8 20.Qxc5 b6 21.Qb4 Bf8 22.Qb3 Nd6
23.Nd5 Bxd5 24.Bxd5 Bg7 25.Rd2 Ne4 26.Bxe4 Rxe4 27.Nf4 Qe7 28.Rc1 Rc8 29.Rdc2 g5
30.Nd5 Qc5 31.Qb4 Qxb4 32.Nxb4 Re6 33.Na6 Bf8 34.Kf1 f6 35.Ke2 f4 36.gxf4 gxf4
37.Kf3 fxe3 38.fxe3 Re5 39.h4 Kf7 40.c5 Bxc5 41.Nxc5 Rexc5 42.Rxc5 bxc5 43.Rb1 c4
44.b6 c3 45.b7 c2 46.bxc8=Q cxb1=Q 47.Qc7+ Kf8  1/2-1/2

[Event "4th Penang Heritage City Open"]
[Site "Penang MAS"]
[Date "2012.12.11"]
[Round "1.6"]
[White "Nguyen Van Hai"]
[Black "Frost,P"]
[Result "1-0"]
[WhiteElo "2356"]
[BlackElo "1862"]

1.d4 Nf6 2.Bg5 g6 3.Bxf6 exf6 4.e3 Bg7 5.h4 Qe7 6.a3 d5 7.c4 dxc4 8.Bxc4 Be6
9.Qb3 c6 10.Bxe6 fxe6 11.Ne2 O-O 12.Nf4 Re8 13.Nc3 Kh8 14.Rd1 e5 15.dxe5 fxe5
16.Ne6 Qxe6 17.Qxe6 Rxe6 18.Rd8+ Bf8 19.Rxf8+ Kg7 20.Rc8 Kf7 21.Ne4 h6 22.Ke2  1-0

[Event "III ITT JAHV McGREGOR"]
[Site "Bogota COL"]
[Date "2012.12.12"]
[Round "1.35"]
[White "Polo,VR"]
[Black "Castro,N"]
[Result "1/2-1/2"]
[WhiteElo "2147"]
[BlackElo "2009"]

1.d4 d5 2.Bg5 Nf6 3.Nd2 Bf5 4.e3 e6 5.Bd3 Be7 6.Ngf3 Ne4 7.Bxe7 Qxe7 8.Bxe4 dxe4
9.Ng1 O-O 10.Ne2 e5 11.c3 exd4 12.cxd4 Bg4 13.Qb3 Bxe2 14.Kxe2 c6 15.Rhd1 a5
16.Kf1 a4 17.Qc2 Re8 18.Rac1 Na6 19.a3 Nc7 20.Nb1 Nd5 21.Nc3 Nxc3 22.Qxc3 Qh4
23.Kg1 Qh5 24.Qb4 Reb8 25.Rd2 Qa5 26.Rc4 Qxb4 27.Rxb4 Ra5 28.Rc2 Ra6 29.Rc5 g6
30.g4 b5 31.d5 cxd5 32.Rxd5 f5 33.gxf5 gxf5 34.Rxf5 Rg6+ 35.Kf1 Rc8 36.Rxe4 Rc1+
37.Ke2 Rc2+ 38.Kf3 Rxb2 39.h4 h6 40.Rg4 Rxf2+ 41.Kxf2 Rxg4 42.Rxb5 Rxh4  1/2-1/2

[Event "4th Penang Heritage City Open"]
[Site "Penang MAS"]
[Date "2012.12.13"]
[Round "5.1"]
[White "Nguyen Duc Hoa"]
[Black "Lim,C"]
[Result "1-0"]
[WhiteElo "2503"]
[BlackElo "2324"]

1.d4 Nf6 2.Bg5 c5 3.Bxf6 gxf6 4.d5 Qb6 5.Qc1 Bh6 6.e3 d6 7.Na3 Na6 8.Nc4 Qd8
9.Qd1 b5 10.Na3 Bd7 11.Bxb5 Bxb5 12.Nxb5 Qa5+ 13.Nc3 Rb8 14.Qg4 Qb4 15.Qxb4 Nxb4
16.O-O-O f5 17.a3 Na6 18.Nf3 Kd7 19.Nd2 Bg7 20.Na4 Rhg8 21.g3 Bh8 22.Rhe1 Nc7
23.e4 Bd4 24.Re2 fxe4 25.Nxe4 h5 26.c3 Bg7 27.h4 Bh6+ 28.f4 Rxg3 29.Nxg3 Bxf4+
30.Kc2 Bxg3 31.b4 cxb4 32.axb4 Rb5 33.Rg2 Bxh4 34.Rh2 Bg5 35.Rxh5 f6 36.Rh8 Nxd5
37.Kb3 Kc7 38.Ra8 Ne3 39.Rh1 Rb7 40.c4 Nf5 41.Nc3 Nd4+ 42.Ka4 Kd7 43.Rh7 Ke6
44.Nd5 f5 45.Rg8 Bd2 46.Rgg7 f4 47.Rxe7+ Rxe7 48.Rxe7+ Kf5 49.Rxa7 f3 50.Rf7+ Ke4
51.b5 Nf5 52.Ne7 Nxe7 53.Rxe7+ Kd3 54.Rf7 Ke2 55.b6 Be3 56.Kb5 f2 57.Kc6 Kd3
58.b7 Ba7 59.Rxf2  1-0

[Event "4th Penang Heritage City Open"]
[Site "Penang MAS"]
[Date "2012.12.14"]
[Round "7.17"]
[White "Moskovich,D"]
[Black "Trenseno,Felica"]
[Result "1/2-1/2"]
[WhiteElo "2188"]
[BlackElo "1992"]

1.d4 Nf6 2.Bg5 g6 3.Bxf6 exf6 4.c4 d5 5.cxd5 Qxd5 6.Nc3 Qa5 7.e3 Nc6 8.Bc4 Bg7
9.Ne2 Ne7 10.O-O c6 11.Ne4 Qd8 12.Qb3 O-O 13.Nf4 f5 14.Nc3 Bh6 15.Nce2 Qd6
16.a4 Kg7 17.h4 Ng8 18.a5 Nf6 19.f3 Qe7 20.Kf2 Re8 21.g3 Be6 22.Bxe6 fxe6
23.Rfc1 Nd5 24.Nxd5 exd5 25.f4 Rac8 26.Ng1 Kg8 27.Nf3 Bg7 28.Qa3 Qe6 29.Rc3 h6
30.Qc5 a6 31.Ne5 Bxe5  1/2-1/2

[Event "Malmo Open"]
[Site "Malmo SWE"]
[Date "2012.12.15"]
[Round "4"]
[White "Fries Nielsen,JO"]
[Black "Persson,J"]
[Result "1-0"]
[WhiteElo "2365"]
[BlackElo "2004"]

1.d4 Nf6 2.Bg5 c5 3.Bxf6 gxf6 4.d5 f5 5.c4 b5 6.cxb5 a6 7.e3 axb5 8.Bxb5 Qa5+
9.Nc3 Bg7 10.Ne2 Ba6 11.Bxa6 Rxa6 12.Qc2 Rb6 13.O-O Na6 14.a3 O-O 15.Rfb1 Rh6
16.Qxf5 Qc7 17.h3 c4 18.Qe4 f5 19.Qc2 Rb6 20.Rd1 Qb7 21.Na4 Rb5 22.Qxc4 Rc8
23.Qd3 Nc5 24.Nxc5 Rcxc5 25.Nf4 Rxb2 26.Rab1 Rcc2  1-0

[Event "4th Penang Heritage City Open"]
[Site "Penang MAS"]
[Date "2012.12.15"]
[Round "9.9"]
[White "Moskovich,D"]
[Black "Mas,H"]
[Result "1-0"]
[WhiteElo "2188"]
[BlackElo "2355"]

1.d4 Nf6 2.Bg5 d5 3.e3 c5 4.c3 Nc6 5.f4 Ne4 6.Bh4 Qb6 7.Qb3 c4 8.Qc2 Bf5
9.Qc1 h6 10.Nf3 f6 11.Nfd2 Nd6 12.Be2 g5 13.Bh5+ Kd7 14.Bf2 Rg8 15.Bf3 e6
16.O-O Qc7 17.b3 b5 18.a4 Bd3 19.axb5 Nxb5 20.bxc4 Bxf1 21.cxd5 exd5 22.Bxd5 Rg7
23.Qxf1 Rb8 24.c4 Nb4 25.fxg5 Nxd5 26.Bg3 Bd6 27.Qf5+ Ke7 28.Qxd5 Rxg5 29.Qe4+ Kd8
30.cxb5 Bxg3 31.hxg3 Rgxb5 32.g4 Rb2 33.Qe6 Qg7 34.Qd5+ Ke8 35.Qe4+ Kf8 36.Nf1 R2b5
37.Nbd2 h5 38.gxh5 Rxh5 39.Ra6 Rhb5 40.Qf4 R8b6 41.Rxb6 Rxb6 42.Qe4 Qc7 43.Qa8+ Rb8
44.Qd5 a5 45.Ne4 Kg7 46.Nfg3 Rb1+ 47.Kf2 Rb2+ 48.Kf3 a4 49.Nf5+ Kg6  1-0